On This Day (July 23rd) Multiple Choice - Statistics

General Stats
  • This quiz has been taken 7 times
  • The average score is 6 of 15
Answer Stats
Question Answer % Correct
1962 – Jackie Robinson becomes the first African American to be inducted into which Hall of Fame ? National Baseball Hall of Fame
100%
1983 – Bec Hewitt, Australian actress is born. She is best known for her role in which Australian soap opera ? Home and Away
80%
1992 – Abkhazia declares independence from which nation ? Georgia
60%
1885 – President Ulysses S. Grant dies of cancer of which part of his body ? Throat
60%
1927 – The first station of the Indian Broadcasting Company goes on the air in which city ? Bombay
40%
1943 – The Rayleigh bath chair murder occurred in Rayleigh, England. Rayleigh is in which English county ? Essex
40%
Which food is celebrated on this day in the USA ? National Hot Dog Day
40%
1961 – The Sandinista National Liberation Front is founded in which central American country ? Nicaragua
40%
1319 – A Knights Hospitaller fleet scores a crushing victory over an Aydinid fleet off the coast of which Greek island ? Chios
20%
1999 – Which Space Shuttle launches, with Eileen Collins becoming the first female space shuttle commander ? Columbia
20%
1874 – Aires de Ornelas e Vasconcelos is appointed the Archbishop of which Portuguese overseas territory ? Goa, India
20%
1919 – Prince Regent Aleksander Karađorđević signs the decree establishing the University in which Balkan city ? Ljubljana
20%
2005 – Three bombs explode, killing 88 people in which Egyptian city ? Sharm el-Sheikh
20%
1632 – Three hundred colonists bound for New France depart from which French port ? Dieppe
0%
1983 – Air Canada Flight 143 runs out of fuel and makes a deadstick landing at Gimli, Manitoba. The flight was from Montreal to which city ? Edmonton
0%
No matching quizzes found
Score Distribution
Percent of People with Each Score
Percentile by Number Answered
Your Score History
You have not taken this quiz